000 00768pam a2200241 a 4500
001 2014302
005 20180212040132.0
008 910415s1991 nyu b 001 0 eng
010 _a 91017769
020 _a0854966439
040 _aDLC
_cDLC
_dDLC
041 _aeng
043 _ae-gx---
080 _a830.99431 KAN
082 0 0 _a830.99431 KAN
_220
100 _a21
101 _aGJL
245 0 0 _aSocialism and the literary imagination :
_cedited by Martin Kane.
504 _aIncludes bibliographical references and index.
906 _a7
_bcbc
_corignew
_d1
_eocip
_f19
_gy-gencatlg
942 _2ddc
_cBK
999 _c42304
_d42304